000
00255nam a22001097a 4500
008
170126b xxu||||| |||| 00| 0 eng d
020
_a
9780316774864
041
_a
eng
080
_2
3RD
_a
61
245
_a
MANUAL OF NEPHROLOGY
_c
SCHRIER, R.W
942
_2
udc
_c
BK
999
_c
3739
_d
3739